<?xml version="1.0" encoding="utf-8"?>
<?xml-stylesheet type='text/xsl' href='./oai2.xsl'?>
<OAI-PMH xmlns="http://www.openarchives.org/OAI/2.0/" xmlns:xsi="http://www.w3.org/2001/XMLSchema-instance" xsi:schemaLocation="http://www.openarchives.org/OAI/2.0/ http://www.openarchives.org/OAI/2.0/OAI-PMH.xsd">
  <responseDate>2026-06-02T08:59:10Z</responseDate>
  <request verb="GetRecord" metadataPrefix="marcxml" identifier="record_kuniweb_22010">https://kulturerbe.niedersachsen.de/oai</request>
  <GetRecord>
    <record>
      <header>
        <identifier>record_kuniweb_22010</identifier>
        <datestamp>2015-06-19T12:07:43Z</datestamp>
        <setSpec>slg0103</setSpec>
      </header>
      <metadata>
        <marc:record xmlns:marc="http://www.loc.gov/MARC21/slim" xsi:schemaLocation="http://www.loc.gov/MARC21/slim http://www.loc.gov/standards/marcxml/schema/MARC21slim.xsd">
          <marc:leader>12345nem  22     uu 4500</marc:leader>
          <marc:controlfield tag="001">22010</marc:controlfield>
          <marc:controlfield tag="003">http://kuniweb.gbv.de</marc:controlfield>
          <marc:controlfield tag="005">2015-04-18T17:52:02</marc:controlfield>
          <marc:controlfield tag="008">|           ||||||||||||||||||||||</marc:controlfield>
          <marc:datafield tag="245" ind1="1" ind2="0">
            <marc:subfield code="a">Tabula Frisiae Orientalis</marc:subfield>
          </marc:datafield>
          <marc:datafield tag="700" ind1="1" ind2=" ">
            <marc:subfield code="a">Allard</marc:subfield>
            <marc:subfield code="d">* 1648 † 1709</marc:subfield>
            <marc:subfield code="e">Vorbild / Ideengeber</marc:subfield>
          </marc:datafield>
          <marc:datafield tag="700" ind1="1" ind2=" ">
            <marc:subfield code="a">Schneider</marc:subfield>
            <marc:subfield code="e">Kupferstecher</marc:subfield>
          </marc:datafield>
          <marc:datafield tag="700" ind1="1" ind2=" ">
            <marc:subfield code="a">Coldewey</marc:subfield>
            <marc:subfield code="d">* 1702 † 1773</marc:subfield>
            <marc:subfield code="e">Zeichner</marc:subfield>
          </marc:datafield>
          <marc:datafield tag="700" ind1="1" ind2=" ">
            <marc:subfield code="a">Emmius</marc:subfield>
            <marc:subfield code="d">* 1547 † 1625</marc:subfield>
            <marc:subfield code="e">Vorbild / Ideengeber</marc:subfield>
          </marc:datafield>
          <marc:datafield tag="655" ind1=" " ind2="7">
            <marc:subfield code="a">Karten</marc:subfield>
          </marc:datafield>
          <marc:datafield tag="046" ind1=" " ind2=" ">
            <marc:subfield code="k">1730</marc:subfield>
            <marc:subfield code="k">auf der Karte datiert 1730 mit dem lateinischen Zusatz „im Jahre des zweiten Jubiliäums der Augsburger Konfession“</marc:subfield>
          </marc:datafield>
          <marc:datafield tag="260" ind1=" " ind2=" ">
            <marc:subfield code="g">1730</marc:subfield>
            <marc:subfield code="g">auf der Karte datiert 1730 mit dem lateinischen Zusatz „im Jahre des zweiten Jubiliäums der Augsburger Konfession“</marc:subfield>
          </marc:datafield>
          <marc:datafield tag="300" ind1=" " ind2=" ">
            <marc:subfield code="a">Höhe: 49 cm
Breite: 58,5 cm</marc:subfield>
          </marc:datafield>
          <marc:datafield tag="520" ind1=" " ind2=" ">
            <marc:subfield code="a">Maßstäbe (in cm): 2½ deutsche Meilen zu 15 auf einen Grad = 3 1/3 belgische Meilen oder Wegstunden = 2 große deutsche Meilen = 8,8
Ausrichtung: Norden
Rückseite: leer

Anmerkungen: 
Überarbeitete Fassung der Karte ohne die Adresse des Stechers Schneider. - Südlich von Aurich findet sich ein Hinweis auf die frühere Bedeutung des Upstalsbooms. – An  den Küsten wird mit Jahreszahlen auf Eindeichungen und Neulandgewinnung aufmerksam gemacht; nördlich von Wittmund sind die entsprechenden Zeitstellungen aus den beigegebenen Namen aus der Herrscherfamilie zu erschließen. - Die Landgewinnung im Dollart wird durch die Nebenkarte unten rechts im Vergleich mit der Hauptkarte deutlich gemacht. Darstellung des Dollarts wie bei Ostfriesland 03 und Ostfriesland 06 a - Die Karte enthält Grundrißpläne von Emden und Aurich. Hinsichtlich Emden vgl. Karte Ostfriesland 06 b.

Literatur in Zusammenhang:
Heinrich Schumacher: Die Ostfriesland-Karte des Ehrenreich Gerhard Coldewey (1730), in Ostfreesland. Kalender für Jederman, Norden 1992, S. 259 bis 265

Veröffentlicht in:
im „Atlas Geographicus Major“, Band 2 „Atlas Germaniae specialis“, bei Johann Christoph Homann oder Homännische Erben, Nürnberg zwischen 1729 und 1750

Literatur in Zusammenhang:
C. Sandler, „Johann Baptista Homann, die Homännischen Erben, Matthäus Seutter und ihre Landkarten : Beiträge zur Geschichte d. Kartographie“. Meridian Publ. Co., Amsterdam, 1979. (S. 93 Nr. 18, 94)

Literatur in Zusammenhang:
A. W. Lang, „Kleine Kartengeschichte Frieslands zwischen Ems und Jade : Entwicklung der Land- und Seekartographie von ihren Anfängen bis zum Ende des 19. Jahrhunderts. Hier büst Du to Huus ; 6“. Soltau, Norden, 1962. (S. 39)

Literatur in Zusammenhang:
M. Heinz, „Modell eines Werkskataloges des kartographischen Verlages Homann, Homanns Erben und Fembo in Nürnberg : (1702 - 1848) ; in 2 Bänden“. 2002. (S. 129, 259)</marc:subfield>
          </marc:datafield>
          <marc:datafield tag="650" ind1="1" ind2=" ">
            <marc:subfield code="a">Landgewinnung</marc:subfield>
          </marc:datafield>
          <marc:datafield tag="650" ind1="1" ind2=" ">
            <marc:subfield code="a">Landkarte</marc:subfield>
          </marc:datafield>
          <marc:datafield tag="773" ind1="0" ind2=" ">
            <marc:subfield code="t">Sammlung Körber-Einbeck</marc:subfield>
          </marc:datafield>
          <marc:datafield tag="852" ind1=" " ind2=" ">
            <marc:subfield code="a">Institut für Historische Landesforschung der Universität Göttingen</marc:subfield>
          </marc:datafield>
          <marc:datafield tag="" ind1=" " ind2=" ">
            <marc:subfield code="a">Namensnennung-Nicht kommerziell 4.0 International (CC BY-NC 4.0))</marc:subfield>
          </marc:datafield>
        </marc:record>
      </metadata>
    </record>
  </GetRecord>
</OAI-PMH>
